Accountancy: Its principles and practice (Record no. 28883)
[ view plain ]
| 000 -LEADER | |
|---|---|
| fixed length control field | 00303nam a2200121Ia 4500 |
| 082 ## - DEWEY DECIMAL CLASSIFICATION NUMBER | |
| Item number | DAS |
| 100 ## - MAIN ENTRY--AUTHOR NAME | |
| Personal name | Das, Madhusudan |
| 245 #0 - TITLE STATEMENT | |
| Title | Accountancy: Its principles and practice |
| 260 ## - PUBLICATION, DISTRIBUTION, ETC. (IMPRINT) | |
| Place of publication | Calcutta |
| Name of publisher | World Press |
| Year of publication | 1978 |
| 700 ## - ADDED ENTRY--PERSONAL NAME | |
| Personal name | Ghosh |
| 942 ## - ADDED ENTRY ELEMENTS (KOHA) | |
| Koha item type | Books |
| Withdrawn status | Lost status | Damaged status | Not for loan | Home library | Current library | Date acquired | Full call number | Accession Number | Koha item type |
|---|---|---|---|---|---|---|---|---|---|
| Write off | RRII Library | RRII Library | 16/12/2021 | DAS | 09474 | Books |